[Event "Chigorin Memorial"]
[Site "St Petersburg"]
[Date "2016.10.17"]
[Round "3.1"]
[White "Smirin, Ilia"]
[Black "Kozionov, Kirill"]
[Result "1-0"]
[WhiteElo "2685"]
[BlackElo "2439"]
[PlyCount "185"]
[EventDate "2016.10.15"]
[EventType "swiss"]
[EventRounds "9"]
[EventCountry "RUS"]
[WhiteClock "0:03:12"]
[BlackClock "0:02:53"]

1. e4 e5 2. Nf3 Nc6 3. Bb5 Nf6 4. d3 Bc5 5. c3 O-O 6. O-O d6 7. Nbd2 a6 8. Bxc6
bxc6 9. h3 Re8 10. Re1 h6 11. Nf1 d5 12. Qa4 dxe4 13. dxe4 Bd7 14. Ng3 Qb8 15.
Qc2 a5 16. Be3 Bxe3 17. Rxe3 Qb5 18. c4 Qc5 19. Ne1 a4 20. Nd3 Qa5 21. c5 Rab8
22. a3 Be6 23. Nb4 Qb5 24. Qc3 Nd7 25. Rc1 Rbd8 26. Rd3 Ra8 27. Nh5 f6 28. Ng3
Re7 29. Nf5 Rf7 30. Ne3 Kh7 31. Kh2 Bb3 32. Nf1 Be6 33. Nd2 Rg8 34. Kg1 Ra8 35.
Qc2 Ra5 36. Rc3 Ra8 37. f4 exf4 38. Nf3 Bb3 39. Qf2 Ne5 40. Nd4 Qb7 41. Qxf4
Rd8 42. Nxb3 axb3 43. Rxb3 Rfd7 44. Rbc3 Rd2 45. R3c2 R2d4 46. Kh2 Kh8 47. Re2
Qb5 48. Rcc2 Rd1 49. Qe3 R1d4 50. Rf2 Kh7 51. Qe2 Qb7 52. Rc3 R4d7 53. Qa6 Qb5
54. Qxb5 cxb5 55. c6 Rd6 56. Rfc2 Rd4 57. Nd5 Rc8 58. Rc5 Rc4 59. b3 Rxc2 60.
Rxc2 Nf7 61. Rd2 Ne5 62. Rc2 Nf7 63. Kg3 Ng5 64. Re2 Ne6 65. b4 Nd4 66. Rd2
Nxc6 67. Rc2 Ne5 68. Nxc7 Nd7 69. Rc3 Rb8 70. Ne6 Rb6 71. Nd4 Rb7 72. Kf4 Kg6
73. Rg3+ Kf7 74. Nf5 g5+ 75. Ke3 Kg6 76. Kd4 h5 77. Nd6 Rb6 78. Kd5 h4 79. Rc3
Ne5 80. Nc8 Rb7 81. Ke6 g4 82. Ne7+ Kg5 83. Nd5 gxh3 84. gxh3 Ng6 85. Kd6 Ne5
86. Rc1 Nf3 87. Rf1 Nd2 88. Rf5+ Kg6 89. Rxf6+ Kg7 90. Rf4 Nc4+ 91. Kc6 Ra7 92.
Kxb5 Nxa3+ 93. Kb6 1-0

[Event "Chigorin Memorial"]
[Site "St Petersburg"]
[Date "2016.10.17"]
[Round "3.2"]
[White "Lobanov, Sergei"]
[Black "Artemiev, Vladislav"]
[Result "1-0"]
[WhiteElo "2432"]
[BlackElo "2663"]
[PlyCount "149"]
[EventDate "2016.10.15"]
[EventType "swiss"]
[EventRounds "9"]
[EventCountry "RUS"]
[WhiteClock "0:07:31"]
[BlackClock "0:06:27"]

1. e4 c5 2. Nf3 e6 3. d4 cxd4 4. Nxd4 a6 5. Nc3 d6 6. Be2 b5 7. O-O Bb7 8. Re1
Nf6 9. Bf3 Nbd7 10. a4 b4 11. Na2 a5 12. c3 bxc3 13. Nxc3 Be7 14. Ndb5 Qb8 15.
b3 Ne5 16. Ba3 Ra6 17. Be2 O-O 18. Qd2 Bxe4 19. Bf1 Bxg2 20. Bxg2 Ng6 21. Rad1
d5 22. Bxe7 Nxe7 23. Ne2 Ng6 24. Rc1 Ng4 25. Rc7 Qd8 26. h3 Nh6 27. Rec1 Ra8
28. Ra7 Rxa7 29. Nxa7 Nf5 30. Rc8 Qb6 31. Rxf8+ Kxf8 32. Nb5 Ne5 33. Ned4 Ne7
34. Qe3 Nd7 35. Qc3 e5 36. Nc2 d4 37. Qc4 Nc5 38. b4 Ne6 39. bxa5 Qxa5 40. Qb4
Qa6 41. Qd6 Qxd6 42. Nxd6 f5 43. a5 e4 44. a6 d3 45. Ne3 g6 46. a7 Nc7 47. Nxe4
fxe4 48. Bxe4 Nc8 49. a8=Q Nxa8 50. Bxa8 Nd6 51. Kf1 Nf7 52. Ke1 Ng5 53. Bg2
Kg7 54. Nd5 Ne6 55. Kd2 Nc5 56. Nf4 g5 57. Nxd3 Ne6 58. Ke3 Kf6 59. Ke4 h6 60.
Bf1 Ng7 61. Ne5 Ne6 62. Nd3 Ng7 63. Be2 Nf5 64. Ne5 Nd6+ 65. Kd5 Nf5 66. Nd7+
Kg7 67. Ke5 Nh4 68. Bh5 Ng2 69. Nc5 Ne1 70. Ne6+ Kh8 71. Be2 Ng2 72. Kf6 Nh4
73. Bd1 Kg8 74. Bb3 Kh8 75. Bd5 1-0

[Event "Chigorin Memorial"]
[Site "St Petersburg"]
[Date "2016.10.17"]
[Round "3.3"]
[White "Sjugirov, Sanan"]
[Black "Usmanov, Vasily"]
[Result "1-0"]
[WhiteElo "2660"]
[BlackElo "2431"]
[PlyCount "101"]
[EventDate "2016.10.15"]
[EventType "swiss"]
[EventRounds "9"]
[EventCountry "RUS"]
[WhiteClock "0:07:40"]
[BlackClock "0:43:09"]

1. d4 Nf6 2. c4 e6 3. Nc3 Bb4 4. Qc2 O-O 5. a3 Bxc3+ 6. Qxc3 b6 7. Bg5 Bb7 8.
e3 d6 9. f3 Nbd7 10. Nh3 Qe7 11. Be2 Rfe8 12. e4 e5 13. d5 a5 14. b3 Nc5 15.
Be3 Nh5 16. g3 Bc8 17. Nf2 f5 18. exf5 Nf6 19. Bxc5 bxc5 20. Bd3 e4 21. Bxe4
Bxf5 22. O-O Bxe4 23. Rae1 Qe5 24. Qxe5 Rxe5 25. Nxe4 a4 26. Nxf6+ gxf6 27.
Rxe5 fxe5 28. bxa4 Rxa4 29. Ra1 Kf8 30. Kf2 Ke8 31. Ke3 Rxc4 32. a4 Kd7 33. a5
Rc3+ 34. Ke4 Rc4+ 35. Ke3 Rc3+ 36. Ke4 Rc4+ 37. Kf5 Kc8 38. a6 Kb8 39. a7+ Ka8
40. Ke6 Rd4 41. Rf1 c4 42. f4 exf4 43. gxf4 c3 44. f5 c2 45. Rc1 Rd2 46. f6
Re2+ 47. Kd7 Rxh2 48. Rf1 Kxa7 49. f7 c1=Q 50. Rxc1 Rf2 51. Rxc7+ 1-0

[Event "Chigorin Memorial"]
[Site "St Petersburg"]
[Date "2016.10.17"]
[Round "3.5"]
[White "Alekseev, Evgeny"]
[Black "Sarana, Alexey"]
[Result "1-0"]
[WhiteElo "2636"]
[BlackElo "2427"]
[PlyCount "77"]
[EventDate "2016.10.15"]
[EventType "swiss"]
[EventRounds "9"]
[EventCountry "RUS"]
[WhiteClock "0:04:06"]
[BlackClock "0:01:18"]

1. e4 c5 2. Nf3 d6 3. d4 cxd4 4. Nxd4 Nf6 5. Nc3 a6 6. g3 e5 7. Nde2 Be7 8. Bg2
b5 9. Nd5 Nbd7 10. Nec3 Bb7 11. a4 bxa4 12. Nxf6+ Nxf6 13. Rxa4 O-O 14. O-O Bc6
15. Ra2 a5 16. b3 h6 17. Qd3 Qc7 18. Bd2 Rfb8 19. Rfa1 Bd8 20. h3 Nd7 21. Nd5
Qb7 22. Bxa5 Nc5 23. Qd2 Bxd5 24. Qxd5 Qxd5 25. exd5 Bxa5 26. Rxa5 Rxa5 27.
Rxa5 f5 28. Ra7 Rb4 29. Kf1 Rd4 30. Ke2 e4 31. Bf1 Rxd5 32. b4 Ne6 33. Ke1 Re5
34. b5 Nc5 35. b6 Re8 36. b7 Kf8 37. Bb5 Rd8 38. Bc6 d5 39. Ra5 1-0

[Event "Chigorin Memorial"]
[Site "St Petersburg"]
[Date "2016.10.17"]
[Round "3.6"]
[White "Gajewski, Grzegorz"]
[Black "Yanchenko, Roman"]
[Result "1-0"]
[WhiteElo "2621"]
[BlackElo "2419"]
[PlyCount "137"]
[EventDate "2016.10.15"]
[EventType "swiss"]
[EventRounds "9"]
[EventCountry "RUS"]
[WhiteClock "0:19:52"]
[BlackClock "0:07:12"]

1. d4 Nf6 2. c4 e6 3. Nf3 Bb4+ 4. Nbd2 d5 5. Qa4+ Nc6 6. e3 O-O 7. a3 Bxd2+ 8.
Bxd2 Ne4 9. Qc2 Nxd2 10. Qxd2 dxc4 11. Bxc4 b6 12. O-O Na5 13. Ba2 Bb7 14. b4
Bxf3 15. gxf3 Nb7 16. f4 c5 17. bxc5 Nxc5 18. Rac1 Ne4 19. Qd3 Nd6 20. Rc6 Qh4
21. Qe2 Nf5 22. Qf3 Qe7 23. Rc3 Rac8 24. Rfc1 Rxc3 25. Rxc3 b5 26. Rc5 a5 27.
h3 g6 28. Bb3 Rb8 29. Qe4 a4 30. Qe5 Qd6 31. Bc2 Qxe5 32. fxe5 Kg7 33. Kf1 Ne7
34. Ke1 b4 35. axb4 Rxb4 36. Ra5 Nd5 37. Rxa4 Rb2 38. Rc4 Ra2 39. Be4 Ra1+ 40.
Ke2 Ra2+ 41. Kf3 Ne7 42. Rc7 Kf8 43. Rd7 h6 44. Rb7 Ra3 45. Rb8+ Kg7 46. Re8
Ra7 47. Bc2 Rc7 48. Bd3 Nd5 49. Ra8 Rc3 50. Be4 Nb6 51. Rb8 Nc4 52. Ke2 Ra3 53.
Rb4 Ra2+ 54. Kd3 Na5 55. d5 exd5 56. Bxd5 Ra1 57. Rb5 g5 58. Rb6 Rd1+ 59. Ke4
Rc1 60. Ra6 Rc5 61. Ra7 Rb5 62. Rxf7+ Kg6 63. Rf6+ Kg7 64. Ra6 h5 65. Ra7+ Kg6
66. e6 Rb4+ 67. Ke5 Nc4+ 68. Bxc4 Rxc4 69. Ra8 1-0

[Event "Chigorin Memorial"]
[Site "St Petersburg"]
[Date "2016.10.17"]
[Round "3.7"]
[White "Romanov, Evgeny"]
[Black "Sadovsky, Artem"]
[Result "1-0"]
[WhiteElo "2619"]
[BlackElo "2414"]
[PlyCount "153"]
[EventDate "2016.10.15"]
[EventType "swiss"]
[EventRounds "9"]
[EventCountry "RUS"]
[WhiteClock "0:06:12"]
[BlackClock "0:02:30"]

1. e4 g6 2. d4 Bg7 3. Nf3 d6 4. Bc4 c6 5. Bb3 Nf6 6. Qe2 O-O 7. O-O Bg4 8. Nbd2
Nbd7 9. h3 Bxf3 10. Qxf3 e5 11. c3 Qe7 12. Re1 Ne8 13. dxe5 Nxe5 14. Qe2 Nc7
15. f4 Nd7 16. Nf3 Nc5 17. Bc2 Rfe8 18. Qf2 Qf8 19. f5 Nd7 20. Rf1 d5 21. Ng5
f6 22. fxg6 hxg6 23. Qg3 Ne5 24. exd5 Nxd5 25. Ne4 Qe7 26. Kh1 f5 27. Ng5 Nf7
28. Nf3 Qd6 29. Qf2 Nf6 30. Be3 Ne4 31. Bxe4 Rxe4 32. Bxa7 Qe6 33. Rfe1 Rxe1+
34. Rxe1 Qxa2 35. Bd4 Qd5 36. Qg3 Bxd4 37. Nxd4 Qd6 38. Qxd6 Nxd6 39. Re6 Ne4
40. Rxg6+ Kf7 41. Rh6 Ra1+ 42. Kh2 Rb1 43. Rh7+ Kf6 44. Rxb7 c5 45. Ne2 Kg5 46.
Rb8 Re1 47. Rg8+ Kf6 48. Ng3 Nd6 49. h4 Rb1 50. Rb8 f4 51. Ne2 Rf1 52. Rf8+ Nf7
53. Kh3 Rf2 54. Ng1 Rxb2 55. Nf3 Kg7 56. Rc8 Rb5 57. h5 Kh6 58. Kg4 Rb2 59.
Rc6+ Kh7 60. Kh3 Rb5 61. Rf6 Kg7 62. Rxf4 Nd6 63. Rg4+ Kh8 64. Rg6 Ne4 65. c4
Rb1 66. Kg4 Rc1 67. Ne5 Rf1 68. Re6 Kg7 69. Nf3 Nf6+ 70. Kg5 Nh7+ 71. Kf5 Nf8
72. Re7+ Kh6 73. Rf7 Nh7 74. Kg4 Rf2 75. g3 Rc2 76. Rf4 Rc1 77. Kf5 1-0

[Event "Chigorin Memorial"]
[Site "St Petersburg"]
[Date "2016.10.17"]
[Round "3.9"]
[White "Khismatullin, Denis"]
[Black "Duzhakov, Ilya"]
[Result "1-0"]
[WhiteElo "2617"]
[BlackElo "2411"]
[PlyCount "105"]
[EventDate "2016.10.15"]
[EventType "swiss"]
[EventRounds "9"]
[EventCountry "RUS"]
[WhiteClock "0:01:55"]
[BlackClock "0:00:40"]

1. d4 Nf6 2. Bg5 e6 3. e3 c5 4. Nd2 b6 5. Ne4 Be7 6. Bxf6 Bxf6 7. Nd6+ Ke7 8.
Ne4 Bb7 9. Nxf6 gxf6 10. Ne2 Qc7 11. c3 Nc6 12. d5 Ne5 13. e4 exd5 14. exd5 Qd6
15. f4 Nc4 16. b3 Ne3 17. Qd3 Nxd5 18. O-O-O Qe6 19. Ng3 Kd8 20. Qd2 Qe3 21.
Kb2 Qxf4 22. Qxf4 Nxf4 23. Bb5 a6 24. Bxd7 Kc7 25. Rhf1 Nd5 26. Bh3 Rad8 27.
Rde1 Kb8 28. Re2 h5 29. c4 Nb4 30. Rxf6 h4 31. Nf5 Rhe8 32. Ne7 Ka8 33. Rxf7
Rd1 34. Bf5 Red8 35. a3 Nd3+ 36. Bxd3 R1xd3 37. Rff2 b5 38. Nf5 bxc4 39. bxc4
Rb8 40. Ka2 h3 41. g4 Rc3 42. Rf4 Bf3 43. Rb2 Bd1 44. Rxb8+ Kxb8 45. Kb1 Be2
46. Kb2 Rd3 47. g5 Rd2+ 48. Kc3 Rd3+ 49. Kc2 Rxa3 50. g6 Bh5 51. g7 Bf7 52. Ne3
Be6 53. Rf6 1-0

[Event "Chigorin Memorial"]
[Site "St Petersburg"]
[Date "2016.10.17"]
[Round "3.10"]
[White "Palachev, Petr"]
[Black "Lu, Shanglei"]
[Result "1/2-1/2"]
[WhiteElo "2408"]
[BlackElo "2615"]
[PlyCount "85"]
[EventDate "2016.10.15"]
[EventType "swiss"]
[EventRounds "9"]
[EventCountry "RUS"]
[WhiteClock "0:27:05"]
[BlackClock "0:30:01"]

1. d4 d5 2. c4 e6 3. Nf3 c6 4. e3 Nf6 5. Nc3 Nbd7 6. Qc2 b6 7. Bd3 Bb7 8. O-O
Be7 9. b3 O-O 10. Bb2 Rc8 11. Rac1 Qc7 12. Qe2 Qb8 13. Rfd1 Rfd8 14. Ne5 g6 15.
f4 c5 16. cxd5 exd5 17. Rf1 Bf8 18. g4 Ne8 19. g5 Ng7 20. Qg4 Qd6 21. h4 Qe6
22. Qxe6 Nxe6 23. Ne2 Rc7 24. Rc2 Nxe5 25. fxe5 Rdc8 26. Ng3 b5 27. Bxb5 cxd4
28. Rxc7 Nxc7 29. Bd7 Rd8 30. Bg4 dxe3 31. Bd4 Bg7 32. Ne2 a6 33. a4 h5 34.
gxh6 Bxh6 35. Rc1 Ne6 36. Bxe6 fxe6 37. Rc7 Bc8 38. b4 Bd7 39. Nc3 e2 40. Kf2
Bd2 41. Kxe2 Bxc3 42. Rxc3 Bxa4 43. Rc7 1/2-1/2

[Event "Chigorin Memorial"]
[Site "St Petersburg"]
[Date "2016.10.17"]
[Round "3.12"]
[White "Eliseev, Urii"]
[Black "Saveliev, Alexei"]
[Result "1-0"]
[WhiteElo "2606"]
[BlackElo "2392"]
[PlyCount "71"]
[EventDate "2016.10.15"]
[EventType "swiss"]
[EventRounds "9"]
[EventCountry "RUS"]
[WhiteClock "0:23:48"]
[BlackClock "0:08:38"]

1. e4 e6 2. d4 d5 3. Nc3 Nf6 4. e5 Nfd7 5. f4 c5 6. Nf3 Nc6 7. Be3 Be7 8. Qd2
b6 9. Nd1 cxd4 10. Nxd4 Nxd4 11. Bxd4 Nb8 12. Bb5+ Bd7 13. Bd3 Nc6 14. c3 Bc5
15. Bc2 Qh4+ 16. Nf2 Qe7 17. Bxc5 Qxc5 18. Rd1 O-O-O 19. O-O Kb8 20. b4 Qe7 21.
a4 Bc8 22. a5 Bb7 23. Nd3 Qc7 24. axb6 axb6 25. Ba4 Ne7 26. Bb5 Rc8 27. Ra1
Qxc3 28. Qf2 Rc4 29. Bxc4 dxc4 30. Nb2 b5 31. Rfc1 Qb3 32. Qa7+ Kc7 33. Qc5+
Nc6 34. Nxc4 bxc4 35. b5 Qb4 36. Qxc4 1-0

[Event "Chigorin Memorial"]
[Site "St Petersburg"]
[Date "2016.10.17"]
[Round "3.13"]
[White "Pasiev, Rakhim"]
[Black "Timofeev, Artyom"]
[Result "0-1"]
[WhiteElo "2406"]
[BlackElo "2601"]
[PlyCount "74"]
[EventDate "2016.10.15"]
[EventType "swiss"]
[EventRounds "9"]
[EventCountry "RUS"]

1. Nc3 d5 2. d4 Nf6 3. Bf4 e6 4. e3 a6 5. Bd3 c5 6. dxc5 Bxc5 7. Qe2 Qb6 8.
O-O-O Bb4 9. Nb1 Nbd7 10. Nf3 O-O 11. g4 Nc5 12. a3 Nxd3+ 13. cxd3 Be7 14. g5
Nd7 15. d4 Nb8 16. Nbd2 Bd7 17. Qd3 Ba4 18. Kb1 Bxd1 19. Rxd1 Qb5 20. Qxb5 axb5
21. Bxb8 Rfxb8 22. h4 b4 23. axb4 Bxb4 24. Nb3 Kf8 25. Ne5 Ke7 26. f4 Bd6 27.
Nd3 h6 28. Nd2 hxg5 29. hxg5 Rh8 30. Nf3 Rh3 31. Rf1 Rc8 32. Nc1 Rch8 33. Kc2
Rh1 34. Rxh1 Rxh1 35. Ne2 Rh3 36. Neg1 Rg3 37. Kd3 Kd7 0-1

[Event "Chigorin Memorial"]
[Site "St Petersburg"]
[Date "2016.10.17"]
[Round "3.14"]
[White "Kazakovskiy, Valeriy"]
[Black "Bok, Benjamin"]
[Result "1/2-1/2"]
[WhiteElo "2399"]
[BlackElo "2594"]
[PlyCount "82"]
[EventDate "2016.10.15"]
[EventType "swiss"]
[EventRounds "9"]
[EventCountry "RUS"]

1. d4 d5 2. c4 e6 3. Nf3 Nf6 4. g3 Bb4+ 5. Bd2 Be7 6. Bg2 O-O 7. O-O Nbd7 8.
cxd5 exd5 9. Nc3 c6 10. Qc2 Re8 11. Bf4 Nf8 12. Bg5 g6 13. Bxf6 Bxf6 14. b4 Bf5
15. Qb3 a6 16. a4 Nd7 17. a5 Nf8 18. e3 Ne6 19. Ne5 Nc7 20. Nf3 Re7 21. Na4 Nb5
22. Ne1 Qd6 23. Nc5 h5 24. h3 Rae8 25. Ned3 Bg7 26. Rfe1 h4 27. g4 Bc8 28. Rf1
f5 29. gxf5 Bxf5 30. Rae1 g5 31. Qd1 Qg6 32. Kh1 g4 33. Qd2 g3 34. f4 Nd6 35.
Ne5 Bxe5 36. fxe5 Ne4 37. Nxe4 Bxe4 38. Rf6 Bxg2+ 39. Qxg2 Qd3 40. Qf3 Rg7 41.
Qh5 Rf8 1/2-1/2

[Event "Chigorin Memorial"]
[Site "St Petersburg"]
[Date "2016.10.17"]
[Round "3.15"]
[White "Khanin, Semen"]
[Black "Rozum, Ivan"]
[Result "1/2-1/2"]
[WhiteElo "2397"]
[BlackElo "2590"]
[PlyCount "64"]
[EventDate "2016.10.15"]
[EventType "swiss"]
[EventRounds "9"]
[EventCountry "RUS"]

1. e4 c6 2. d4 d5 3. Nd2 dxe4 4. Nxe4 Bf5 5. Ng3 Bg6 6. h4 h6 7. Nf3 e6 8. Ne5
Bh7 9. Bd3 Bxd3 10. Qxd3 Nd7 11. f4 Bb4+ 12. c3 Bd6 13. Qf3 Ngf6 14. Bd2 O-O
15. O-O-O Qc7 16. Ne2 h5 17. g4 hxg4 18. Nxg4 Nxg4 19. Qxg4 f5 20. Qf3 Nf6 21.
h5 Ng4 22. Kb1 Be7 23. Nc1 Qd7 24. Nd3 Qd5 25. Qe2 Bf6 26. Rdg1 Kf7 27. Rh3
Rad8 28. Re1 Rfe8 29. Nb4 Qd6 30. Nd3 Qd5 31. Nb4 Qd6 32. Nd3 Qd5 1/2-1/2

[Event "Chigorin Memorial"]
[Site "St Petersburg"]
[Date "2016.10.17"]
[Round "3.16"]
[White "Ponkratov, Pavel"]
[Black "Gubajdullin, Alexei"]
[Result "1/2-1/2"]
[WhiteElo "2589"]
[BlackElo "2367"]
[PlyCount "96"]
[EventDate "2016.10.15"]
[EventType "swiss"]
[EventRounds "9"]
[EventCountry "RUS"]

1. d4 f5 2. c4 Nf6 3. Nc3 d6 4. g3 g6 5. Bg2 Bg7 6. Nh3 Nc6 7. d5 Ne5 8. Nf4
O-O 9. Qb3 c5 10. h4 Rb8 11. a4 Qa5 12. Bd2 Qb4 13. Qa2 Qxc4 14. b3 Qa6 15. Rb1
b5 16. b4 cxb4 17. Rxb4 Bd7 18. Ne6 Bxe6 19. dxe6 Nc6 20. Rxb5 Nd4 21. Rxb8
Rxb8 22. O-O Nxe2+ 23. Nxe2 Qxe2 24. Re1 Qd3 25. Bf1 Qd5 26. Qxd5 Nxd5 27. Rc1
Bd4 28. Bg2 Nf6 29. Rc7 Rb1+ 30. Bf1 Nd5 31. Rd7 Kg7 32. Bg5 Rb2 33. Bc4 Bxf2+
34. Kh1 Rb1+ 35. Kg2 Ne3+ 36. Kxf2 Nxc4 37. Bxe7 Rb2+ 38. Kg1 Rb1+ 39. Kh2 Ne5
40. Bxd6+ Kf6 41. Bxe5+ Kxe6 42. Rxa7 Kxe5 43. Rxh7 Rb2+ 44. Kh3 Ra2 45. Rg7 f4
46. gxf4+ Kxf4 47. Rxg6 Ra3+ 48. Kg2 Rxa4 1/2-1/2

[Event "Chigorin Memorial"]
[Site "St Petersburg"]
[Date "2016.10.17"]
[Round "3.17"]
[White "Vokhidov, Shamsiddin"]
[Black "Sengupta, Deep"]
[Result "0-1"]
[WhiteElo "2366"]
[BlackElo "2570"]
[PlyCount "74"]
[EventDate "2016.10.15"]
[EventType "swiss"]
[EventRounds "9"]
[EventCountry "RUS"]

1. e4 e5 2. Nf3 Nc6 3. Bc4 Bc5 4. c3 Nf6 5. d3 a6 6. O-O Ba7 7. a4 d6 8. Na3
O-O 9. Nc2 h6 10. Be3 Bb8 11. h3 Ne7 12. Nh4 d5 13. exd5 Nfxd5 14. Bc5 c6 15.
Re1 b6 16. Ba3 c5 17. Nf3 Bb7 18. Nxe5 Nf4 19. Qg4 Bxe5 20. Rxe5 Neg6 21. Re3
Bxg2 22. Rg3 Bd5 23. Bxd5 Qxd5 24. d4 Qe4 25. Ne3 Rfe8 26. dxc5 bxc5 27. Kh2 h5
28. Qd1 h4 29. Rg5 Ne5 30. Rxe5 Qxe5 31. Ng4 Qe4 32. Ne3 Rad8 33. Qh1 Rd2 34.
Qxe4 Rxe4 35. Bxc5 Rxf2+ 36. Kh1 Rxb2 37. Nd5 Ree2 0-1

[Event "Chigorin Memorial"]
[Site "St Petersburg"]
[Date "2016.10.17"]
[Round "3.18"]
[White "Alekseenko, Kirill"]
[Black "Sutormin, Danila"]
[Result "1-0"]
[WhiteElo "2554"]
[BlackElo "2363"]
[PlyCount "47"]
[EventDate "2016.10.15"]
[EventType "swiss"]
[EventRounds "9"]
[EventCountry "RUS"]

1. e4 e5 2. Nf3 Nc6 3. Bb5 Nf6 4. d3 d6 5. O-O Bd7 6. Re1 Be7 7. c3 O-O 8. Nbd2
Re8 9. Nf1 Bf8 10. Ng3 g6 11. h3 Bg7 12. d4 a6 13. Bd3 Rf8 14. Be3 Kh8 15. Qd2
Ng8 16. Rad1 Qe8 17. dxe5 dxe5 18. Bxa6 Rxa6 19. Qxd7 Rxa2 20. b4 Qb8 21. Ng5
h6 22. Nxf7+ Kh7 23. Nf5 Nf6 24. Ng5+ 1-0

[Event "Chigorin Memorial"]
[Site "St Petersburg"]
[Date "2016.10.17"]
[Round "3.19"]
[White "Bartel, Michal"]
[Black "Burmakin, Vladimir"]
[Result "1/2-1/2"]
[WhiteElo "2357"]
[BlackElo "2545"]
[PlyCount "45"]
[EventDate "2016.10.15"]
[EventType "swiss"]
[EventRounds "9"]
[EventCountry "RUS"]

1. e4 c6 2. d4 d5 3. e5 Bf5 4. Nf3 e6 5. Be2 Ne7 6. O-O Nc8 7. b3 Be7 8. c4 O-O
9. Nc3 Nd7 10. Bd3 Bxd3 11. Qxd3 Re8 12. Ne2 Nf8 13. Nf4 Nb6 14. Be3 Ng6 15.
Nxg6 fxg6 16. c5 Nd7 17. b4 b6 18. Rfc1 Qc7 19. Bg5 Bf8 20. Bd2 Be7 21. Bg5 Bf8
22. Bd2 Be7 23. Bg5 1/2-1/2

[Event "Chigorin Memorial"]
[Site "St Petersburg"]
[Date "2016.10.17"]
[Round "3.20"]
[White "Ofitserian, Boris"]
[Black "Paravyan, David"]
[Result "0-1"]
[WhiteElo "2351"]
[BlackElo "2528"]
[PlyCount "104"]
[EventDate "2016.10.15"]
[EventType "swiss"]
[EventRounds "9"]
[EventCountry "RUS"]

1. d4 Nf6 2. c4 e6 3. Nf3 b6 4. e3 Bb7 5. Bd3 Bb4+ 6. Nbd2 c5 7. O-O O-O 8. a3
Bxd2 9. Bxd2 Ne4 10. Qc2 Nxd2 11. Nxd2 cxd4 12. Bxh7+ Kh8 13. Be4 d5 14. cxd5
exd5 15. Bd3 dxe3 16. fxe3 Nd7 17. Nf3 Rc8 18. Qa4 Rc6 19. Nd4 Rh6 20. Nf5 Nc5
21. Qg4 Rh7 22. Bc2 g6 23. Nd4 Qd6 24. Rf4 f5 25. Qg3 Rc8 26. b4 Ne4 27. Bxe4
dxe4 28. Raf1 Bd5 29. h3 Bc4 30. Rc1 Ba6 31. Rxc8+ Bxc8 32. Kh2 a6 33. Rf2 Rd7
34. Rc2 Qxg3+ 35. Kxg3 Bb7 36. Kf4 Kg7 37. Ke5 Kf7 38. Rc1 Re7+ 39. Kd6 f4 40.
exf4 e3 41. g3 Re4 42. Ne2 Re6+ 43. Kc7 Bg2 44. h4 b5 45. Nd4 Re4 46. Nc6 Rc4
47. Rxc4 bxc4 48. Nd4 c3 49. a4 Be4 50. Ne2 c2 51. Nc1 Bf3 52. b5 e2 0-1

[Event "Chigorin Memorial"]
[Site "St Petersburg"]
[Date "2016.10.17"]
[Round "3.21"]
[White "Xu, Yinglun"]
[Black "Sanzhaev, Darsen"]
[Result "1/2-1/2"]
[WhiteElo "2526"]
[BlackElo "2353"]
[PlyCount "67"]
[EventDate "2016.10.15"]
[EventType "swiss"]
[EventRounds "9"]
[EventCountry "RUS"]

1. c4 Nf6 2. d4 e6 3. Nf3 Bb4+ 4. Bd2 c5 5. g3 Qb6 6. Qb3 Nc6 7. Bxb4 Qxb4+ 8.
Nc3 Qxb3 9. axb3 cxd4 10. Nb5 Ke7 11. Nfxd4 a6 12. e3 Rb8 13. Nc3 d6 14. Be2 e5
15. Nf3 Be6 16. Ng5 Bf5 17. Bf3 Nb4 18. O-O b6 19. Nge4 Bxe4 20. Bxe4 a5 21.
Rfd1 Rhd8 22. Bg2 Nd7 23. Ra4 Nf6 24. Kf1 g5 25. h3 Rd7 26. Bf3 h5 27. Ke2 Rc8
28. Raa1 Na6 29. Be4 Rb8 30. Ra3 Rdd8 31. Bg2 Rd7 32. Be4 Rdd8 33. Bg2 Rd7 34.
Be4 1/2-1/2

[Event "Chigorin Memorial"]
[Site "St Petersburg"]
[Date "2016.10.17"]
[Round "3.22"]
[White "Askerov, Marat"]
[Black "Brodsky, Michail"]
[Result "0-1"]
[WhiteElo "2299"]
[BlackElo "2524"]
[PlyCount "70"]
[EventDate "2016.10.15"]
[EventType "swiss"]
[EventRounds "9"]
[EventCountry "RUS"]

1. d4 Nf6 2. c4 e6 3. Nf3 c5 4. d5 d6 5. Nc3 exd5 6. cxd5 g6 7. h3 Bg7 8. e4
O-O 9. Bd3 a6 10. a4 Nh5 11. O-O Nd7 12. Bg5 Bf6 13. Be3 Re8 14. Rc1 Ne5 15.
Nxe5 Bxe5 16. Qd2 f5 17. exf5 Bxf5 18. Bxf5 gxf5 19. Ne2 Qf6 20. Bg5 Qg6 21. b4
cxb4 22. f4 Bh8 23. Rc7 h6 24. Bh4 Re4 25. Rf3 Rae8 26. Ng3 Rd4 27. Qc2 Ng7 28.
Rxg7+ Bxg7 29. Nxf5 Rde4 30. Ne3 Qf7 31. Ng4 h5 32. Ne5 Qxd5 33. Nd3 Re3 34.
Rxe3 Rxe3 35. Nxb4 Qd4 0-1

[Event "Chigorin Memorial"]
[Site "St Petersburg"]
[Date "2016.10.17"]
[Round "3.23"]
[White "Gabrielian, Artur"]
[Black "Chashchev, Sergey"]
[Result "1-0"]
[WhiteElo "2524"]
[BlackElo "2349"]
[PlyCount "111"]
[EventDate "2016.10.15"]
[EventType "swiss"]
[EventRounds "9"]
[EventCountry "RUS"]

1. e4 g6 2. d4 Bg7 3. Nc3 c6 4. f4 Nh6 5. Nf3 Na6 6. Be2 f6 7. O-O d6 8. h3 Nf7
9. Be3 O-O 10. Qd2 Nc7 11. a4 e5 12. Rad1 Qe7 13. Kh1 Be6 14. d5 cxd5 15. exd5
Bd7 16. fxe5 fxe5 17. Ng5 Nh6 18. Nge4 Nf7 19. Rf3 Bf5 20. Rdf1 b6 21. g4 Bxe4
22. Nxe4 Nh8 23. a5 Rxf3 24. Rxf3 Ne8 25. axb6 axb6 26. Qb4 Nf7 27. Qxb6 Nf6
28. Nxf6+ Bxf6 29. Rf1 Rf8 30. Qa7 Rc8 31. Qxe7 Bxe7 32. c3 Ng5 33. Kg2 Ne4 34.
Bd3 Nf6 35. Bb1 Kg7 36. Rd1 Nd7 37. Kf3 Nc5 38. Bc2 Bf6 39. Ra1 Rc7 40. Ke2 Nd7
41. Ra6 Be7 42. Rc6 Rb7 43. b4 Nf6 44. Bb3 h5 45. g5 Ne4 46. h4 Ng3+ 47. Kf3
Nf5 48. Bf2 Bd8 49. Bc4 Rf7 50. Kg2 e4 51. Ba6 e3 52. Be1 Ne7 53. Rxd6 Bc7 54.
Rd7 Nf5 55. Rxf7+ Kxf7 56. Bd3 1-0

[Event "Chigorin Memorial"]
[Site "St Petersburg"]
[Date "2016.10.17"]
[Round "3.24"]
[White "Srinath, Rao S.V"]
[Black "Levin, Evgeny A"]
[Result "0-1"]
[WhiteElo "2279"]
[BlackElo "2505"]
[PlyCount "88"]
[EventDate "2016.10.15"]
[EventType "swiss"]
[EventRounds "9"]
[EventCountry "RUS"]

1. e4 c5 2. c3 Nf6 3. e5 Nd5 4. d4 cxd4 5. Nf3 e6 6. cxd4 d6 7. Bc4 Be7 8. O-O
O-O 9. Bd2 dxe5 10. dxe5 b6 11. Qe2 Bb7 12. Nc3 Nxc3 13. Bxc3 Nd7 14. Rac1 Rc8
15. Bd3 Nc5 16. Rfd1 Nxd3 17. Qxd3 Qxd3 18. Rxd3 Bd5 19. a3 Rfd8 20. Rcd1 Bxf3
21. gxf3 Rxd3 22. Rxd3 Rd8 23. Rxd8+ Bxd8 24. f4 h6 25. Kg2 Kh7 26. Kf3 Kg6 27.
Bb4 Kh5 28. Bf8 g5 29. a4 a6 30. b4 b5 31. axb5 axb5 32. fxg5 Kxg5 33. Ke4 h5
34. Kd4 Kg4 35. Kc5 Kh3 36. Kxb5 Kxh2 37. Bh6 Kg2 38. Bf4 Be7 39. Kc6 Bxb4 40.
Bg5 Kxf2 41. Kd7 Kf3 42. Ke8 Kg4 43. Be3 Kf5 44. Kxf7 Bc3 0-1